000 00639pam a2200217 i 4500
001 819288
005 20180313045817.0
008 761112s1976 mau b 001 0 eng
010 _a 76054925
020 _a0870736035.
_a0870736043
040 _aDLC
_cDLC
_dDLC
041 _aeng
080 _a309
082 0 0 _a309 GIL
100 1 _a50
101 _aSOC
245 1 4 _aThe challenge of social equality :
_cDavid G. Gil.
504 _aIncludes bibliographical references and index.
906 _a7
_bcbc
_corignew
_d1
_eocip
_f19
_gy-gencatlg
942 _2ddc
_cBK
999 _c44825
_d44825